00550nam a2200181Ii 45000010005000000030009000050080041000140400033000550410008000880820015000961000020001112450084001312640060002153000012002753360026002873370028003133380027003416862CO-ViMGA241108s9999||||xx |||||||||||||| ||und|| aCO-ViMGAbspaerdacCO-ViMGA0 aunk04a864.8-D3361 aAngel Del Río10a concepto contemporáneo de España :bantología de ensayos [1895-1931] 1a[Lugar de publicación no identificado] : Losada, 1946 avolumen atextbtxt2rdacontent aunmediatedbn2rdamedia avolumebnc2rdacarrier